000 00254nam a22001217a 4500
008 180213b xxu||||| |||| 00| 0 eng d
041 _aeng
080 _a7
100 _a41
101 _aAR
245 _aTHE IMPRESSIONISTS
_cROBERT.K
942 _2udc
_cBK
999 _c42428
_d42428